| Tag |
First Indicator |
Second Indicator |
Subfields |
| LEADER |
00000cam a2200000 a 4500 |
| 001 |
in00000577016 |
| 005 |
20151014065939.0 |
| 008 |
840308s1984 enka b 00110beng |
| 010 |
|
|
|a 84131269
|
| 020 |
|
|
|a 0241112184 :
|c 12.95
|
| 035 |
|
|
|a (OCoLC)11343840
|
| 035 |
|
|
|9 ACN8526AM
|
| 039 |
0 |
|
|a 2
|b 3
|c 3
|d 3
|e 3
|
| 040 |
|
|
|a DLC
|c DLC
|d TXA
|d UtOrBLW
|
| 043 |
|
|
|a e-it---
|
| 049 |
|
|
|a TXAM
|c [A09120121]
|
| 050 |
0 |
0 |
|a DG737.9
|b .H76 1984
|
| 082 |
0 |
|
|a 945/.51
|a B
|2 19
|
| 100 |
1 |
|
|a Hook, Judith.
|
| 245 |
1 |
0 |
|a Lorenzo de' Medici :
|b an historical biography /
|c by Judith Hook.
|
| 264 |
|
1 |
|a London :
|b H. Hamilton,
|c 1984.
|
| 300 |
|
|
|a xii, 206 pages :
|b illustrations ;
|c 24 cm.
|
| 336 |
|
|
|a text
|b txt
|2 rdacontent
|
| 337 |
|
|
|a unmediated
|b n
|2 rdamedia
|
| 338 |
|
|
|a volume
|b nc
|2 rdacarrier
|
| 500 |
|
|
|a Includes index.
|
| 504 |
|
|
|a Bibliography: pages [199]-200.
|
| 600 |
1 |
0 |
|a Medici, Lorenzo de',
|d 1449-1492.
|
| 650 |
|
0 |
|a Statesmen
|z Italy
|z Florence
|v Biography.
|
| 650 |
|
0 |
|a Intellectuals
|z Italy
|z Florence
|v Biography.
|
| 651 |
|
0 |
|a Florence (Italy)
|x History
|y 1421-1737.
|
| 651 |
|
0 |
|a Florence (Italy)
|v Biography.
|
| 999 |
|
|
|a MARS
|
| 999 |
f |
f |
|s 2d454c79-175e-32cb-bafa-91a809e8389e
|i 42c727ff-73ee-3536-89f3-25a0ac340fe8
|t 0
|
| 952 |
f |
f |
|p normal
|a Texas A&M University
|b College Station
|c Sterling C. Evans Library
|d Evans: Library Stacks
|t 0
|e DG737.9 .H76 1984
|h Library of Congress classification
|i unmediated -- volume
|m A14809120121
|
| 998 |
f |
f |
|a DG737.9 .H76 1984
|t 0
|l Evans: Library Stacks
|